Sústreďovanie dreva lanovým systémom LANOR z porastov poškodených snehovou kalamitou

Bibliographic Details
Main Author: Jesenský, Ladislav (Author)
Format: Article
Language:Slovak
PhysicalDescription:Tb. 1. Graf. 1.
Subjects:

MARC

LEADER 00000nab a2200000 a 4500
001 vtls000082091
003 SK-MaSNL
005 20260304172426.0
008 250526c1981 xo 0 slo
015 |a SNBRB19rr/mm-uuuuu 
035 |a CL0092193 
035 |a urn:nbn:sk:snk-ab2csn 
035 |a (urnnbn)urn:nbn:sk:snk:ar-a025py 
035 |a (uuid)d985e8b9-01b7-4de6-a717-7e752c07cc6b 
040 |a SNKBUCL  |b slo  |c SNKBUCL  |e AACR2 
041 0 |a slo 
044 |a xo  |c SK 
080 |a 630 3  |2 1981 
100 1 |a Jesenský, Ladislav  |4 aut  |9 6041 
245 1 0 |a Sústreďovanie dreva lanovým systémom LANOR z porastov poškodených snehovou kalamitou  |c Ladislav Jesenský 
300 |b Tb. 1. Graf. 1. 
650 0 7 |a drevo  |2 snkbucl  |9 3560 
650 0 7 |a sústreďovanie dreva  |2 snkbucl  |9 403302 
655 7 |a články z novín a časopisov  |2 snkbucl  |9 267496 
773 0 |t Les  |g Roč. 37, č. 3 (1981), s. 121-125 
850 |a Slovenská národná knižnica 
852 |a Slovenská národná knižnica 
954 |a odborná, vedecká literatúra pôvodná (slovenská)  |2 lita 
958 |a ONDV 
958 |a article2022 
958 |a RK 
992 |a RBX 
999 |c 2998393  |d 3000323